000 00318 a2200133 4500
001 155831
040 _cEscola São Tomás de Aquino
100 _aTORERO, José Roberto
240 1 0 _aO diário de Lelê
_lpor
245 1 0 _aO diário de Lelê
362 0 _a2009
697 _a*LITERATURA INFANTO JUVENIL
942 _cBK
999 _c155831
_d155831